Construccione escolares (Record no. 12180)

MARC details
000 -LEADER
campo de control de longitud fija 00368nam a2200133Ia 4500
001 - NÚMERO DE CONTROL
campo de control 3650
008 - DATOS DE LONGITUD FIJA--INFORMACIÓN GENERAL
campo de control de longitud fija 241024s9999 xx 000 0 und d
082 ## - NÚMERO DE LA CLASIFICACIÓN DECIMAL DEWEY
Número de clasificación [*SIN CLASIFICACION*]
100 ## - ENTRADA PRINCIPAL--NOMBRE DE PERSONA
Nombre de persona Programa de televisión Revista 110 con Julio Hazim
245 #0 - MENCIÓN DEL TÍTULO
Título Construccione escolares
260 ## - PUBLICACIÓN, DISTRIBUCIÓN, ETC.
Nombre del editor, distribuidor, etc. Santo Domingo
Fecha de publicación, distribución, etc. 2012
901 ## - ELEMENTOS DE DATOS A LOCAL LDA (RLIN)
a 15/1/2014 10:55:37 a.m.

No items available.

© 2024. Todos los Derechos Reservados. Desarrollado por IDEICE